000 00764nam a2200229 a 4500
001 48538
003 BD-RjUL
005 20211209054536.0
008 160814s1974 bg ||||| |||| 00| p ben d
020 _c: TK 7.00
035 _a(BD-RjUL)48657
040 _aBD-RjUL
_bben
_cBD-RjUL
_dBD-RjUL
041 _aben
082 _223
_a891.441
_bSAS 1974
100 1 _aসরকার, অরুণকুমার
_9146650
245 1 0 _aশ্রেষ্ঠ কবিতা /
_cঅরুণকুমার সরকার
260 _aকলকাতা :
_bভারবি,
_c১৯৭৪
300 _a১৩৫ পৃ. ;
_c২১ সেমি.
650 _aবাংলা কবিতা
_9145066
650 _aBengali Poetry
_9121520
942 _2ddc
_cBK
999 _c48538
_d48538